Bravo - The Hits 2018 - Statistiken

Allgemein
  • Dieses Quiz wurde 192 mal gespielt
  • Das Durchschnittsergebnis liegt bei 17 aus 47
Antwortstatistiken
Song Interpret % Korrekt
Perfect Ed Sheeran
81%
Was Du Liebe Nennst Bausa
80%
One Kiss Calvin Harris & Dua Lipa
79%
Je Ne Parle Pas Francais Namika
76%
Kiss And Make Up Dua Lipa & Blackpink
72%
Rooftop Nico Santos
59%
Girls Like You Maroon 5 Feat. Cardi B
58%
Friends Marshmello & Anne-Marie
57%
No Tears Left To Cry Ariana Grande
56%
Taki Taki DJ Snake Feat. Selena Gomez, Ozuna & Cardi B
56%
Happier Marshmello & Bastille
53%
In My Blood Shawn Mendes
48%
Solo Clean Bandit Feat. Demi Lovato
44%
Echame La Culpa Luis Fonsi & Demi Lovato
44%
High Hopes Panic! At The Disco
44%
Flames David Guetta Feat. Sia
42%
Him & I G-Eazy & Halsey
41%
Eastside Benny Blanco, Halsey & Khalid
39%
An Wunder Wincent Weiss
38%
Magisch Olexesh Feat. Edin
37%
Be Alright Dean Lewis
36%
Shotgun George Ezra
36%
Einmal Mark Forster
34%
Better Now Post Malone
34%
La Cintura Álvaro Soler
33%
Natural Imagine Dragons
33%
Zusammen Die Fantastischen Vier Feat. Clueso
32%
I'm Still Here Sia
31%
In My Mind Dynoro & Gigi D'Agostino
30%
Mad Love Sean Paul & David Guetta Feat. Becky G
29%
These Days Rudimental Feat. Jess Glynne, Macklemore & Dan Caplen
26%
Pray For Me Kendrick Lamar & The Weeknd
24%
Jennie Felix Jaehn Feat. R. City & Bori
21%
X (Equis) Nicky Jam & J Balvin
21%
Only Thing We Know Alle Farben & Kelvin Jones Feat. Younotus
14%
Is It Love? Rea Garvey Feat. Kool Savas
14%
Flieger Helene Fischer
13%
Love Someone Lukas Graham
13%
Anywhere Rita Ora
13%
Bella Ciao El Profesor
12%
Rise Jonas Blue Feat. Jack & Jack
12%
Sekundenglück Herbert Grönemeyer
11%
Nevermind Dennis Lloyd
8%
Breathe Jax Jones Feat. Ina Wroldsen
8%
Barking Ramz
8%
Happy Now Zedd & Elley Duhé
8%
Body Loud Luxury Feat. Brando
5%
Keine übereinstimmenden Quizze gefunden
Verteilung der Resultate
Anzahl Personen mit jedem Resultat
Perzentil nach korrekt beantworteten Fragen
Ihre Resultats-Entwicklung
Sie haben dieses Quiz noch nicht gespielt